|
|
|
|
| LEADER |
00000nam a2200000 a 4500 |
| 001 |
vtls001336415 |
| 003 |
SK-MaSNL |
| 005 |
20260301200541.0 |
| 008 |
240226s1993 xo a 000 0 slo |
| 035 |
|
|
|a SNK000289402
|
| 035 |
|
|
|a urn:nbn:sk:snk-amkuhj
|
| 035 |
|
|
|a urn:nbn:sk:snk-am004ipd
|
| 035 |
|
|
|a B1DEF118-89F6-49EE-9EFE-B6BDC38B5E32
|
| 040 |
|
|
|a SNK
|b slo
|c SNK
|e AACR2
|
| 041 |
0 |
|
|a slo
|
| 044 |
|
|
|a xo
|c SK
|
| 080 |
|
|
|a 06.053.2
|2 1981
|
| 245 |
0 |
0 |
|a Dom Matice Slovenskej ... Vás pozýva na slávnostný večer pri príležitosti 130. výročia založenia Matice slovenskej
|b Reduta - koncertná sála, Spišská Nová Ves 9. mája 1993 o 20.00 hod.
|
| 246 |
1 |
0 |
|a Slávnostný večer pri príležitosti 130. výročia založenia Matice slovenskej
|
| 260 |
|
|
|a [Spišská Nová Ves
|b Dom Matice slovenskej]
|c 1993
|
| 300 |
|
|
|a 1 zlož. list ([2] s.)
|c 21 cm
|
| 610 |
2 |
7 |
|a Matica slovenská
|2 SNK
|9 14662
|
| 648 |
|
7 |
|a 1863-1993
|2 SNK
|9 579891
|
| 650 |
0 |
7 |
|a kultúrne podujatia
|2 SNK
|9 71676
|
| 655 |
|
7 |
|a pozvánky
|2 SNK
|9 71913
|
| 710 |
2 |
|
|a Matica slovenská.
|b Dom Matice slovenskej Spišská Nová Ves
|4 pbl
|9 32115
|
| 999 |
|
|
|c 890975
|d 892905
|
| 952 |
|
|
|t P60, <03>, [BOOK], {603}
|a SNK
|b SNK
|y PREZ
|7 0
|p 17A0141142
|o snkOSC 19762
|i snkD 1084/98
|0 0
|1 0
|4 0
|d 1998-07-07
|f 1
|l 0
|r 2005-01-02 00:00:00
|w 2026-02-24
|